Elektrické sítě v městech a sídlištích
Saved in:
| Main Author: | |
|---|---|
| Format: | Book |
| Language: | Czech |
| Published: |
Praha :
SNTL,
1975
|
| Tags: |
No Tags, Be the first to tag this record!
|
MARC
| LEADER | 00000nam a22000003a 4500 | ||
|---|---|---|---|
| 001 | stu46497 | ||
| 005 | 20150617225710.6 | ||
| 008 | 981127s1975------------------------cze-d | ||
| 040 | |a STU |b slo | ||
| 041 | 0 | |a cze | |
| 080 | |a 621.316 |7 stu_us_auth*stu8411 | ||
| 100 | 1 | |a Pavlovský, Boh. |4 aut | |
| 245 | 1 | |a Elektrické sítě v městech a sídlištích | |
| 260 | |a Praha : |b SNTL, |c 1975 | ||
| 300 | |a 428 s | ||
| 996 | |b E25568 |c E*35568 |l EE06 |s P |a 0 |w stu46497_0001 | ||
| 996 | |b 284EK04143 |c E*35404 |l EE01 |s A |a 24 |w stu46497_0002 | ||
| 996 | |b 284EK04142 |c E*35846 |l EE0101 |s P |a 0 |w stu46497_0003 | ||